000 00380nam a22001577a 4500
003 OSt
005 20260324125526.0
008 260324b |||||||| |||| 00| 0 eng d
020 _a978-81-239-0886-5
040 _cIIMT UNIVERSITY
100 _aWALLIS, T.E
245 _aTEXTBOOK OF PHARMACOGNOSY
260 _aNEW DELHI
_bCBS PUBLISHER
_c2005
300 _a652
942 _2ddc
_c01
999 _c67522
_d67522